[Event "Tonder Byturnering B"]
[Site "Tonder"]
[Date "2015.??.??"]
[Round "1"]
[White "Pedersen, Jens Carl"]
[Black "Skov, Sejer"]
[Result "1-0"]
[WhiteElo "1511"]
[BlackElo "1000"]
[PlyCount "47"]
[EventDate "2015.??.??"]
[EventType "swiss"]
[EventRounds "4"]
[EventCountry "DEN"]
[SourceTitle "EXT 2024"]
[Source "ChessBase"]
[SourceDate "2023.10.10"]
[SourceVersion "1"]
[SourceVersionDate "2023.10.10"]
[SourceQuality "1"]

1. b3 e5 2. Bb2 d6 3. g3 Be6 4. Bg2 Nd7 5. Bxb7 Rb8 6. Bg2 Be7 7. e3 Bf6 8. d4 Ne7 9. Ne2 0-0 10. Nd2 h6 11. c4 c5 12. d5 Bf5 13. e4 Bg6 14. Nc3 a6 15. Rb1 Bg5 16. Nf3 Nf6 17. Nxg5 hxg5 18. Qd2 g4 19. 0-0 Qb6 20. Rfe1 Qa5 21. Qe3 Rfc8 22. Na4 Qb4 23. Bc3 Qa3 24. Re2 1-0